Every NBA player to average 20ppg for a season - Statistics

General Stats
  • This quiz has been taken 17 times
  • The average score is 211 of 361
Answer Stats
Place Average Team Year Position Answer % Correct
27 31.1 Hawks 1961-62 PF Bob Pettit
100%
280 21.3 Blazers 1994-95 SF Clifford Robinson
100%
38 29.8 Spurs 1993-94 C David Robinson
100%
189 22.9 Kings 1984-85 SF Eddie Johnson
100%
249 21.8 Bucks 1969-70 PG Flynn Robinson
100%
236 22 Bucks 2000-01 SF Glenn Robinson
100%
308 20.7 Bullets 1966-67 SF Gus Johnson
100%
61 27.8 Rockets 1994-95 C Hakeem Olajuwon
100%
133 24.3 Bullets 1989-90 SG Jeff Malone
100%
253 21.7 Hawks 2007-08 SG Joe Johnson
100%
28 31 Jazz 1989-90 PF Karl Malone
100%
208 22.5 Suns 1989-90 PG Kevin Johnson
100%
5 35.4 Lakers 2005-06 SG Kobe Bryant
100%
228 22.1 Hornets 1992-93 PF Larry Johnson
100%
150 23.9 Lakers 1986-87 PG Magic Johnson
100%
103 25.6 Bucks 1978-79 SF Marques Johnson
100%
2 37.1 Bulls 1986-87 SG Michael Jordan
100%
26 31.1 Rockets 1981-82 C Moses Malone
100%
20 31.4 Royals 1963-64 PG Oscar Robertson
100%
16 32 Warriors 2020-21 PG Stephen Curry
100%
107 25.5 Spurs 2001-02 PF Tim Duncan
100%
196 22.7 Jazz 1977-78 PF Truck Robinson
100%
1 50.4 Warriors 1961-62 C Wilt Chamberlain
100%
57 28.1 Pelicans 2017-18 PF Anthony Davis
92%
191 22.9 Hornets 2003-04 PG Baron Davis
92%
23 31.3 Wizards 2020-21 SG Bradley Beal
92%
212 22.5 Nets 2023-24 SG Cam Thomas
92%
147 24 Raptors 2009-10 PF Chris Bosh
92%
35 30 Blazers 2019-20 PG Damian Lillard
92%
68 27.2 Nuggets 1977-78 SG David Thompson
92%
298 21 Hornets 2008-09 PF David West
92%
60 27.9 Bulls 2021-22 SF DeMar DeRozan
92%
55 28.3 Cavs 2022-23 SG Donovan Mitchell
92%
33 30.2 Heat 2008-09 SG Dwyane Wade
92%
179 23.1 Sonics 1975-76 SG Fred Brown
92%
31 30.4 Bucks 2023-24 PF Giannis Antetokounmpo
92%
49 28.9 Celtics 2016-17 PG Isaiah Thomas
92%
188 22.9 Pistons 1982-83 PG Isiah Thomas
92%
3 36.1 Rockets 2018-19 SG James Harden
92%
209 22.5 Grizzlies 2023-24 PF Jaren Jackson Jr.
92%
80 26.6 Celtics 2022-23 SG Jaylen Brown
92%
22 31.3 Lakers 1965-66 SG Jerry West
92%
11 33.1 76ers 2022-23 C Joel Embiid
92%
177 23.1 Wizards 2016-17 PG John Wall
92%
77 26.9 76ers 1979-80 SF Julius Erving
92%
6 34.8 Bucks 1971-72 C Kareem Abdul-Jabbar
92%
71 27.1 Clippers 2019-20 SF Kawhi Leonard
92%
17 32 Thunder 2013-14 SF Kevin Durant
92%
217 22.3 Warriors 2016-17 SG Klay Thompson
92%
111 25.2 Cavs 2016-17 PG Kyrie Irving
92%
36 29.9 Celtics 1987-88 SF Larry Bird
92%
21 31.4 Cavs 2005-06 SF LeBron James
92%
10 33.9 Mavs 2023-24 PG Luka Doncic
92%
130 24.5 Cavs 1980-81 SF Mike Mitchell
92%
304 20.8 Blazers 1981-82 C Mychal Thompson
92%
59 28 Thunder 2018-19 SF Paul George
92%
4 35.6 Warriors 1966-67 SF Rick Barry
92%
315 20.6 Cavs 2002-03 SG Ricky Davis
92%
19 31.6 Thunder 2016-17 PG Russell Westbrook
92%
14 32.7 Thunder 2024-25 PG Shai Gilgeous-Alexander
92%
40 29.7 Lakers 1999-00 C Shaquille O'Neal
92%
15 32.1 Magic 2002-03 SG Tracy McGrady
92%
135 24.2 Suns 1977-78 SF Walter Davis
92%
39 29.8 Nuggets 1985-86 SF Alex English
85%
13 33 76ers 2005-06 SG Allen Iverson
85%
64 27.6 Timberwolves 2024-25 SG Anthony Edwards
85%
244 21.9 Cavs 1973-74 SG Austin Carr
85%
131 24.5 Pistons 2018-19 PF Blake Griffin
85%
101 25.8 Bulls 1971-72 PF Bob Love
85%
243 21.9 Cavs 1978-79 SF Campy Russell
85%
50 28.9 Nuggets 2006-07 SF Carmelo Anthony
85%
274 21.4 Warriors 1971-72 SF Cazzie Russell
85%
291 21.1 Nets 2018-19 PG D'Angelo Russell
85%
76 27 Kings/Pelicans 2016-17 C DeMarcus Cousins
85%
297 21 Nets 2011-12 PG Deron Williams
85%
72 27.1 Suns 2023-24 SG Devin Booker
85%
81 26.6 Mavs 2005-06 PF Dirk Nowitzki
85%
29 30.7 Hawks 1987-88 SF Dominique Wilkins
85%
353 20.1 Hornets 1999-00 SG Eddie Jones
85%
7 34.8 Lakers 1960-61 SF Elgin Baylor
85%
241 21.9 76ers 1974-75 PG Fred Carter
85%
12 33.1 Spurs 1979-80 SF George Gervin
85%
166 23.4 Sonics 1981-82 PG Gus Williams
85%
51 28.7 Knicks 2023-24 PG Jalen Brunson
85%
231 22.1 Rockets 2022-23 SG Jalen Green
85%
262 21.6 Thunder 2024-25 SF Jalen Williams
85%
34 30.1 Celtics 2022-23 SF Jayson Tatum
85%
305 20.8 Pacers 2002-03 PF Jermaine O'Neal
85%
114 25.1 Timberwolves 2016-17 C Karl-Anthony Towns
85%
139 24.2 Timberwolves 2003-04 PF Kevin Garnett
85%
89 26.1 Timberwolves 2013-14 PF Kevin Love
85%
215 22.4 Sonics 1968-69 PG Lenny Wilkens
85%
200 22.6 Clippers 2017-18 SG Lou Williams
85%
333 20.3 Raptors 2005-06 PG Mike James
85%
42 29.6 Nuggets 2024-25 C Nikola Jokić
85%
53 28.6 Knicks 1989-90 C Patrick Ewing
85%
78 26.8 Celtics 2005-06 SF Paul Pierce
85%
113 25.1 Sonics 2005-06 SG Ray Allen
85%
299 20.9 Knicks 1979-80 PG Ray Williams
85%
123 24.6 Pacers 1989-90 SF Reggie Miller
85%
252 21.7 Sonics 1991-92 SG Ricky Pierce
85%
95 25.9 Celtics 1964-65 SG Sam Jones
85%
313 20.6 Warriors/Bobcats 2009-10 SG Stephen Jackson
85%
234 22 Spurs 2008-09 PG Tony Parker
85%
41 29.6 Hawks 2019-20 PG Trae Young
85%
63 27.6 Raptors 2000-01 SF Vince Carter
85%
75 27 Pelicans 2020-21 PF Zion Williamson
85%
175 23.2 Heat 1995-96 C Alonzo Mourning
77%
261 21.7 Magic 1995-96 PG Anfernee Hardaway
77%
91 26.1 76ers 1969-70 SF Billy Cunningham
77%
258 21.7 Celtics 1951-52 PG Bob Cousy
77%
8 34.5 Braves 1974-75 C Bob McAdoo
77%
90 26.1 Pistons 2024-25 PG Cade Cunningham
77%
307 20.8 Wizards 2008-09 SG Caron Butler
77%
56 28.3 76ers 1987-88 PF Charles Barkley
77%
292 21.1 Clippers 1989-90 PF Charles Smith
77%
85 26.5 Warriors 1988-89 SF Chris Mullin
77%
74 27.1 Kings 2000-01 PF Chris Webber
77%
69 27.2 Blazers 1988-89 SG Clyde Drexler
77%
329 20.4 Bulls 2024-25 PG Coby White
77%
255 21.7 Cavs 2021-22 PG Darius Garland
77%
82 26.6 Kings 2023-24 PG De'Aaron Fox
77%
233 22.1 Clippers 1984-85 SG Derek Smith
77%
117 25 Bulls 2010-11 PG Derrick Rose
77%
52 28.7 Rockets 1970-71 C Elvin Hayes
77%
141 24.2 Sonics 1999-00 PG Gary Payton
77%
54 28.4 Lakers 1950-51 C George Mikan
77%
46 29.3 Wizards 2005-06 PG Gilbert Arenas
77%
98 25.8 Pistons 1999-00 SF Grant Hill
77%
230 22.1 Bulls 2002-03 SF Jalen Rose
77%
151 23.9 Bulls 2016-17 SF Jimmy Butler
77%
48 28.9 Celtics 1970-71 SF John Havlicek
77%
156 23.7 Pacers/Nets 1977-78 SG John Williamson
77%
178 23.1 Celtics 1971-72 PG Jo Jo White
77%
88 26.1 Celtics 1986-87 PF Kevin McHale
77%
300 20.9 Bucks 2019-20 SF Khris Middleton
77%
281 21.2 Raptors 2015-16 PG Kyle Lowry
77%
165 23.4 Blazers 2014-15 PF LaMarcus Aldridge
77%
108 25.4 Bucks 2005-06 SF Michael Redd
77%
25 31.1 Jazz 1976-77 SG Pete Maravich
77%
360 20 Warriors 1975-76 SG Phil Smith
77%
124 24.6 Braves 1977-78 SG Randy Smith
77%
235 22 Bulls 1993-94 SF Scottie Pippen
77%
346 20.1 Hawks 1996-97 SG Steve Smith
77%
163 23.4 Warriors 1991-92 PG Tim Hardaway
77%
30 30.7 Jazz 1980-81 SF Adrian Dantley
69%
93 26 Suns 2004-05 PF Amar'e Stoudemire
69%
168 23.4 Celtics 2000-01 PF Antoine Walker
69%
87 26.3 Knicks 1983-84 SF Bernard King
69%
237 22 Bulls 1971-72 SF Chet Walker
69%
341 20.2 Raptors 1996-97 PG Damon Stoudamire
69%
73 27.1 Pistons 1967-68 PG Dave Bing
69%
211 22.5 Hawks 2023-24 SG Dejounte Murray
69%
119 24.9 Nationals 1957-58 PF Dolph Schayes
69%
336 20.3 Pacers 2020-21 PF Domantas Sabonis
69%
190 22.9 Magic 2010-11 C Dwight Howard
69%
273 21.4 Nuggets 2024-25 PG Jamal Murray
69%
272 21.4 Lakers 1990-91 SF James Worthy
69%
37 29.8 Pistons 2000-01 SG Jerry Stackhouse
69%
278 21.3 Pistons 1971-72 SG Jimmy Walker
69%
162 23.5 Pistons 1992-93 SG Joe Dumars
69%
115 25.1 Knicks 2022-23 PF Julius Randle
69%
229 22.1 Bullets 1995-96 PF Juwan Howard
69%
105 25.6 Hornets 2018-19 PG Kemba Walker
69%
222 22.2 Wizards 2023-24 PF Kyle Kuzma
69%
351 20.1 Hornets 2021-22 PG LaMelo Ball
69%
338 20.2 Suns 1972-73 C Neal Walk
69%
137 24.2 Raptors 2022-23 PF Pascal Siakam
69%
226 22.1 Rockets 1984-85 PF Ralph Sampson
69%
347 20.1 Pistons 2005-06 SG Richard Hamilton
69%
245 21.8 Suns 2005-06 SF Shawn Marion
69%
148 23.9 Heat 2024-25 SG Tyler Herro
69%
94 25.9 76ers 2023-24 PG Tyrese Maxey
69%
269 21.4 Spurs 2023-24 C Victor Wembanyama
69%
171 23.2 Knicks 1971-72 PG Walt Frazier
69%
251 21.7 Knicks 1969-70 C Willis Reed
69%
66 27.4 Bulls 2020-21 SG Zach LaVine
69%
160 23.6 Timberwolves 2016-17 SF Andrew Wiggins
62%
275 21.4 Bulls 2006-07 SG Ben Gordon
62%
259 21.7 Bulls 1968-69 PF Bob Boozer
62%
293 21.1 Jazz 2007-08 PF Carlos Boozer
62%
195 22.8 Hornets 2008-09 PG Chris Paul
62%
79 26.8 Hornets 1996-97 SF Glen Rice
62%
145 24.1 76ers 1967-68 SG Hal Greer
62%
322 20.5 Wizards 2024-25 SG Jordan Poole
62%
104 25.6 Jazz 2022-23 PF Lauri Markkanen
62%
44 29.5 Mavs 1983-84 SF Mark Aguirre
62%
348 20.1 Suns/Nets 2022-23 SF Mikal Bridges
62%
294 21 Hornets 2023-24 PF Miles Bridges
62%
266 21.5 Warriors 1968-69 C Nate Thurmond
62%
164 23.4 Magic/Bulls 2020-21 C Nikola Vučević
62%
325 20.4 Grizzlies 2005-06 PF Pau Gasol
62%
86 26.4 Warriors 1958-59 SF Paul Arizin
62%
320 20.5 Cavs 1998-99 PF Shawn Kemp
62%
206 22.5 Bucks 1982-83 SG Sidney Moncrief
62%
9 34 Kings 1972-73 PG Tiny Archibald
62%
158 23.6 Blazers 2006-07 PF Zach Randolph
62%
250 21.8 Bobcats 2013-14 C Al Jefferson
54%
157 23.7 Bulls 1978-79 C Artis Gilmore
54%
331 20.4 Heat 2022-23 C Bam Adebayo
54%
102 25.7 Pistons 1971-72 C Bob Lanier
54%
154 23.8 Pelicans 2019-20 SF Brandon Ingram
54%
205 22.6 Blazers 2008-09 PG Brandon Roy
54%
319 20.6 Nets 2015-16 C Brook Lopez
54%
106 25.6 Rockets 1977-78 SG Calvin Murphy
54%
184 23 Blazers 2016-17 SG CJ McCollum
54%
65 27.5 Sonics 1988-89 SG Dale Ellis
54%
153 23.8 Nuggets 1979-80 C Dan Issel
54%
323 20.5 Celtics 1972-73 C Dave Cowens
54%
99 25.8 Bullets 1968-69 SG Earl Monroe
54%
122 24.7 Clippers 2005-06 PF Elton Brand
54%
335 20.3 Raptors 2021-22 PG Fred VanVleet
54%
97 25.9 Lakers 1971-72 SG Gail Goodrich
54%
174 23.2 Warriors 2005-06 SG Jason Richardson
54%
267 21.5 Royals 1965-66 PF Jerry Lucas
54%
282 21.2 Pelicans 2018-19 PG Jrue Holiday
54%
161 23.5 Rockets 2010-11 SG Kevin Martin
54%
173 23.2 Wizards 2022-23 C Kristaps Porziņģis
54%
138 24.2 Warriors 1996-97 SG Latrell Sprewell
54%
326 20.4 Blazers 1978-79 PF Maurice Lucas
54%
199 22.6 Mavs 1999-00 SF Michael Finley
54%
349 20.1 Nets 1984-85 PG Michael Ray Richardson
54%
142 24.1 Warriors 2010-11 SG Monta Ellis
54%
197 22.6 Nets 2007-08 SF Richard Jefferson
54%
277 21.3 Magic 2004-05 PG Steve Francis
54%
32 30.2 Clippers 1979-80 SG World B. Free
54%
120 24.9 Warriors 2000-01 SF Antawn Jamison
46%
343 20.2 Lakers 2024-25 SG Austin Reaves
46%
220 22.3 Celtics 1957-58 SG Bill Sharman
46%
264 21.6 Cavs 1990-91 C Brad Daugherty
46%
194 22.8 Clippers 1992-93 PF Danny Manning
46%
279 21.3 Nets 2008-09 PG Devin Harris
46%
306 20.8 76ers 1975-76 SG Doug Collins
46%
334 20.3 Heat 2016-17 PG Goran Dragić
46%
92 26 Warriors 1948-49 PF Joe Fulks
46%
84 26.5 Nuggets 1990-91 PG Michael Adams
46%
288 21.1 Kings 2005-06 PG Mike Bibby
46%
287 21.1 Grizzlies 2018-19 PG Mike Conley
46%
96 25.9 Kings 1996-97 SG Mitch Richmond
46%
198 22.6 Magic 2023-24 PF Paolo Banchero
46%
136 24.2 Kings 2003-04 SF Peja Stojaković
46%
321 20.5 Sonics 2004-05 SF Rashard Lewis
46%
302 20.8 Celtics 1992-93 SG Reggie Lewis
46%
357 20 Clippers/76ers 2018-19 PF Tobias Harris
46%
67 27.2 Suns 1989-90 PF Tom Chambers
46%
176 23.1 Pacers 2017-18 SG Victor Oladipo
46%
18 31.6 Packers 1961-62 C Walt Bellamy
46%
213 22.5 Knicks 2002-03 SG Allan Houston
38%
355 20.1 Kings 1990-91 PF Antoine Carr
38%
342 20.2 Jazz 2019-20 SF Bojan Bogdanović
38%
257 21.7 Lakers 1987-88 SG Byron Scott
38%
283 21.2 Lakers 1995-96 SF Cedric Ceballos
38%
109 25.3 Suns 1972-73 PG Charlie Scott
38%
126 24.6 Suns 1969-70 SF Connie Hawkins
38%
100 25.8 Pacers 2008-09 SF Danny Granger
38%
309 20.7 Nets 1992-93 C Derrick Coleman
38%
183 23 76ers 1975-76 PF George McGinnis
38%
240 21.9 Jazz 2016-17 SF Gordon Hayward
38%
232 22.1 76ers 1990-91 SG Hersey Hawkins
38%
203 22.6 Lakers 1980-81 SF Jamaal Wilkes
38%
316 20.6 Knicks 2007-08 SG Jamal Crawford
38%
144 24.1 Mavs 1994-95 SG Jamal Mashburn
38%
352 20.1 Suns 1991-92 SG Jeff Hornacek
38%
248 21.8 Nets 1998-99 PF Keith Van Horn
38%
45 29.4 Nuggets 1983-84 PF Kiki Vandeweghe
38%
207 22.5 Suns 1986-87 PF Larry Nance
38%
132 24.4 Warriors 1953-54 C Neil Johnston
38%
214 22.4 Mavs 1983-84 SG Rolando Blackman
38%
286 21.1 Kings 2014-15 SF Rudy Gay
38%
129 24.5 Rockets 1973-74 SF Rudy Tomjanovich
38%
182 23 Grizzlies 1998-99 PF Shareef Abdur-Rahim
38%
149 23.9 Nets 2000-01 PG Stephon Marbury
38%
155 23.7 Clippers 1982-83 PF Terry Cummings
38%
344 20.1 Pacers 2023-24 PG Tyrese Haliburton
38%
285 21.1 Bucks 1995-96 PF Vin Baker
38%
112 25.2 76ers/Bullets 1971-72 PG Archie Clark
31%
134 24.3 Cavs 2020-21 SG Collin Sexton
31%
224 22.2 Clippers 2004-05 SF Corey Maggette
31%
256 21.7 Rockets 2001-02 SG Cuttino Mobley
31%
318 20.6 76ers 1994-95 PG Dana Barros
31%
204 22.6 Jazz 1984-85 SG Darrell Griffith
31%
242 21.9 Suns 1970-71 SG Dick Van Arsdale
31%
219 22.3 Nets 1992-93 SG Dražen Petrović
31%
290 21.1 Suns 2016-17 PG Eric Bledsoe
31%
24 31.2 Royals 1959-60 SF Jack Twyman
31%
254 21.7 Blazers 1982-83 SG Jim Paxson
31%
202 22.6 Hornets 1988-89 SF Kelly Tripucka
31%
70 27.1 Hawks 1972-73 SF Lou Hudson
31%
110 25.2 Suns 1977-78 SG Paul Westphal
31%
43 29.5 Knicks 1961-62 SG Richie Guerin
31%
47 29.2 Sonics 1972-73 PF Spencer Haywood
31%
225 22.1 Celtics 1961-62 PF Tom Heinsohn
31%
185 22.9 Royals 1970-71 SF Tom Van Arsdale
31%
276 21.4 Raptors 2010-11 C Andrea Bargnani
23%
332 20.4 76ers 1983-84 SG Andrew Toney
23%
284 21.2 Nuggets 1998-99 PF Antonio McDyess
23%
260 21.7 Knicks 1979-80 C Bill Cartwright
23%
83 26.6 Pacers 1976-77 SF Billy Knight
23%
310 20.7 Kings 2018-19 SG Buddy Hield
23%
170 23.3 Nuggets 1984-85 PF Calvin Natt
23%
121 24.8 Hawks 1959-60 SF Cliff Hagan
23%
340 20.2 Knicks 2009-10 C David Lee
23%
62 27.8 Pistons 1957-58 SF George Yardley
23%
192 22.8 Warriors 1968-69 SG Jeff Mullins
23%
223 22.2 Bullets 1983-84 C Jeff Ruland
23%
143 24.1 Warriors 1982-83 C Joe Barry Carroll
23%
239 21.9 Pistons 1981-82 SG John Long
23%
187 22.9 Bulls 1984-85 SF Orlando Woolridge
23%
303 20.8 Kings 1987-88 PF Otis Thorpe
23%
58 28 Warriors 1984-85 SF Purvis Short
23%
152 23.8 Bulls 1982-83 PG Reggie Theus
23%
359 20 Knicks 2021-22 SF RJ Barrett
23%
186 22.9 Cavs 1986-87 PG Ron Harper
23%
358 20 Spurs 1995-96 SF Sean Elliott
23%
314 20.6 Nets 2019-20 PG Spencer Dinwiddie
23%
324 20.4 Hornets 2020-21 SG Terry Rozier
23%
311 20.6 Timberwolves 1996-97 PF Tom Gugliotta
23%
181 23 Sonics 1986-87 SF Xavier McDaniel
23%
356 20.1 Warriors/Knicks 2008-09 PF Al Harrington
15%
268 21.5 Bucks 1975-76 SF Bob Dandridge
15%
263 21.6 Pacers 1988-89 SF Chuck Person
15%
354 20.1 Pacers 1982-83 PF Clark Kellogg
15%
118 24.9 Blazers 1972-73 SG Geoff Petrie
15%
140 24.2 Hawks 1976-77 SF John Drew
15%
350 20.1 Kings 1982-83 PG Larry Drew
15%
125 24.6 Kings 1980-81 SG Otis Birdsong
15%
345 20.1 Kings 2009-10 SG Tyreke Evans
15%
216 22.3 Kings 1989-90 PF Wayman Tisdale
15%
159 23.6 Pistons 1960-61 PF Bailey Howell
8%
180 23.1 Knicks 1965-66 SG Dick Barnett
8%
328 20.4 Celtics 1950-51 C Ed Macauley
8%
218 22.3 Bullets 1971-72 SF Jack Marin
8%
289 21.1 Hawks 1969-70 SG Joe Caldwell
8%
247 21.8 Nets 1996-97 SF Kendall Gill
8%
227 22.1 Spurs 1978-79 PF Larry Kenon
8%
361 20 Bullets 1991-92 C Pervis Ellison
8%
238 21.9 Bullets 1973-74 SG Phil Chenier
8%
246 21.8 Warriors 1967-68 PF Rudy LaRusso
8%
128 24.5 Blazers 1971-72 PF Sidney Wicks
8%
172 23.2 Timberwolves 1989-90 SG Tony Campbell
8%
116 25 Knicks 1961-62 SF Willie Naulls
8%
169 23.4 Olympians 1949-50 N/A Alex Groza
0%
330 20.4 Braves 1970-71 C Bob Kauffman
0%
127 24.6 Sonics 1969-70 C Bob Rule
0%
337 20.3 Bulls 1969-70 SG Clem Haskins
0%
167 23.4 Royals 1957-58 C Clyde Lovellette
0%
210 22.5 Rockets 1968-69 SF Don Kojis
0%
339 20.2 Braves 1970-71 SF Don May
0%
317 20.6 Bullets 1965-66 PG Don Ohl
0%
193 22.8 Pistons 1959-60 PG Gene Shue
0%
327 20.4 Timberwolves 1994-95 SG Isaiah Rider
0%
271 21.4 Mavs 1981-82 PF Jay Vincent
0%
296 21 Knicks 1958-59 PF Kenny Sears
0%
201 22.6 Bullets 1968-69 PG Kevin Loughery
0%
295 21 Stags 1947-48 SG Max Zaslofsky
0%
270 21.4 Nets 1980-81 SG Mike Newlin
0%
221 22.2 Kings 1976-77 SG Ron Boone
0%
312 20.6 Rockets 1970-71 SG Stu Lantz
0%
301 20.8 Bullets 1963-64 SF Terry Dischinger
0%
146 24 Sonics 1967-68 PG Walt Hazzard
0%
265 21.5 Hawks 1968-69 C Zelmo Beaty
0%
No matching quizzes found
Score Distribution
Percent of People with Each Score
Percentile by Number Answered
Your Score History
You have not taken this quiz